| 000 | 01791nam2a2200265 4500 | ||
|---|---|---|---|
| 001 | RU\NLR\BIBL_A\022260151 | ||
| 005 | 20250625175444.0 | ||
| 035 | _a(NLR Aleph) 022260151 | ||
| 090 |
_a12313458 _c12313458 |
||
| 100 | _a20240624d1936 |||y0rusy50 ca | ||
| 101 | 0 | _arus | |
| 102 | _aRU | ||
| 105 | _af z 000zy | ||
| 200 | 1 | _aГод девятнадцатый | |
| 210 |
_aМосква _cХудожественная литература _d1936 |
||
| 215 | _a474, [2] c., [1] вкл. л. с портр. | ||
| 300 | _aЧастное загл. пер. и корешка: Год XIX | ||
| 327 | 1 | _aСодерж.: Речь тов. В. М. Молотова на митинге памяти Максима Горького. Памяти А. М. Горького / Г. Шторм. Максим Горький в моей жизни / А. Макаренко. Великий учитель / Г. Грекова. О Горьком / Д. Мирский. Моя Чукотка / Т. Семушкин. Золото / В. Селиховкин. Биробиджан / Д. Бергельсон. Путевые записки / В. Арсеньев. [Стихи] / Лахути. [Стихи] / М. Алигер. Две реки / В. Саянов. Книги о перековке / М. Лузгин. Выше революционную бдительность! | |
| 461 | 0 |
_1001rc\2671425 _12001#$aАльманах$fпод редакцией: М. Горького [и др.]$v10 _96233344 _cМосква _d1933-1939 _fпод редакцией: М. Горького [и др.] _nСоветская литература _tАльманах _v10 |
|
| 512 | 1 | _aГод XIX | |
| 852 |
_aNLR _j33-18/326(10) |
||
| 942 | _cBOOK | ||
| 980 | _aNB | ||